1997年 オリコン年間シングルチャートTop50 - Statistics

General Stats
  • This quiz has been taken 73 times
  • The average score is 11 of 50
Answer Stats
順位 アーティスト名 タイトル 発売日 タイアップ % Correct
2 KinKi Kids 硝子の少年 1997/07/21
91%
1 安室奈美恵 CAN YOU CELEBRATE? 1997/02/19 フジテレビ系ドラマ『バージンロード』主題歌
81%
11 猿岩石 白い雲のように 1996/12/21
64%
6 今井美樹 PRIDE 1996/11/04 フジテレビ系ドラマ『ドク』主題歌
64%
9 GLAY HOWEVER 1997/08/06
58%
10 SPEED White Love 1997/10/15 資生堂『ティセラ エンジェルドロップ』CMソング
55%
15 河村隆一 Glass 1997/04/23 テレビ朝日系『ビートたけしのTVタックル』エンディングテーマ
43%
3 Le Couple ひだまりの詩 1997/05/16 フジテレビ系ドラマ『ひとつ屋根の下2』挿入歌
36%
41 高橋洋子 魂のルフラン 1997/02/21 アニメ映画『新世紀エヴァンゲリオン劇場版 シト新生』主題歌
36%
48 MOON CHILD ESCAPE 1997/05/28 日本テレビ系ドラマ『FiVE』主題歌
28%
49 広末涼子 MajiでKoiする5秒前/とまどい 1997/04/15 NTTドコモ『ポケベル』CMソング
28%
19 SMAP SHAKE 1996/11/18 フジテレビ系『SMAP×SMAP』テーマソング
28%
29 川本真琴 1/2 1997/03/21 フジテレビ系アニメ『るろうに剣心 -明治剣客浪漫譚-』オープニングテーマ
26%
4 globe FACE 1997/01/15 フジテレビ系ドラマ『彼女たちの結婚』主題歌
25%
44 河村隆一 Love is... 1997/10/15 TBS系『日立 世界・ふしぎ発見!』エンディングテーマ
25%
5 SPEED STEADY 1996/11/18 テレビ朝日系ドラマ『イタズラなKiss』主題歌
25%
18 PUFFY 渚にまつわるエトセトラ 1997/04/16 キリンビバレッジ『天然育ち』CMソング
23%
27 SMAP セロリ 1997/05/14 フジテレビ系『気らくに行こう』エンディングテーマ
23%
39 T.M.Revolution WHITE BREATH 1997/10/23 NHK『ポップジャム』OPテーマソング
21%
12 ポケットビスケッツ Red Angel 1997/01/22 日本テレビ系『ウッチャンナンチャンのウリナリ!!』エンディングテーマ
19%
17 GLAY 口唇 1997/05/14 フジテレビ系『HEY!HEY!HEY! MUSIC CHAMP』1997年4月 – 6月度エンディングテーマ
17%
42 ZARD 永遠 1997/08/20 日本テレビ系ドラマ『失楽園』主題歌
17%
45 Every Little Thing 出逢った頃のように 1997/08/06 森永製菓『ICE BOX』CMソング
17%
47 スピッツ スカーレット 1997/01/29 TBS系ドラマ『メロディ』主題歌
17%
7 TK PRESENTS こねっと YOU ARE THE ONE 1997/01/01
17%
28 SMAP ダイナマイト 1997/02/26 フジテレビ系『SMAP×SMAP』テーマソング
15%
13 安室奈美恵 a walk in the park 1996/11/27 日立マクセル『UD2』CFイメージソング
15%
22 T.M.Revolution HIGH PRESSURE 1997/07/01 ロッテ『Sweetieアイス』CMソング
15%
43 SHAZNA Melty Love 1997/08/27 テレビ朝日系『所さんのこれアリなんじゃないの!?』エンディングテーマ
15%
32 PUFFY サーキットの娘 1997/03/02 ヤマハ『Vino』CMソング
13%
50 V6 愛なんだ 1997/01/20
13%
21 河村隆一 BEAT 1997/07/18 NHK『ポップジャム』オープニングテーマ
13%
8 Mr.Children Everything (It's you) 1997/02/05 日本テレビ系ドラマ『恋のバカンス』主題歌
13%
24 B'z FIREBALL 1997/03/05 資生堂『ピエヌ』CMソング
13%
40 ZARD 君に逢いたくなったら… 1997/02/26 TBS系ドラマ『理想の結婚』主題歌
11%
46 ZARD Don't you see! 1997/01/06 フジテレビ系アニメ『ドラゴンボールGT』エンディングテーマ
11%
37 SPEED Go! Go! Heaven 1997/03/26
11%
16 B'z Calling 1997/07/09 テレビ朝日系ドラマ『ガラスの仮面』主題歌
9%
26 globe Can't Stop Fallin' in Love 1996/10/30 JR東日本『JR ski ski』キャンペーンソング
9%
14 華原朋美 Hate tell a lie 1997/04/23 カネボウ化粧品『 Bronzelove』TV-CFソング
9%
25 河村隆一 I love you 1997/02/21 TBS系『COUNT DOWN TV』3月エンディングテーマ
9%
34 Every Little Thing For the moment 1997/06/04 森永製菓『ICE BOX』CMソング
8%
23 安室奈美恵 How to be a Girl 1997/05/21 ブリストル・マイヤーズ スクイブ『シーブリーズ '97』CFイメージソング
8%
20 B'z Liar! Liar! 1997/10/08
8%
31 坂本龍一 featuring Sister M The Other Side of Love 1997/01/29 日本テレビ系ドラマ『ストーカー 逃げきれぬ愛』主題歌
8%
30 globe Wanderin' Destiny 1997/10/15 TBS系ドラマ『青い鳥』主題歌
8%
36 THE YELLOW MONKEY BURN 1997/07/24 TBS系ドラマ『職員室』主題歌
6%
35 SPEED Wake Me Up! 1997/08/06 ロート製薬『Zi:リセ』CMソング
6%
33 長渕剛 ひまわり 1997/07/02 テレビ朝日系ドラマ『ボディーガード』主題歌
4%
38 華原朋美 LOVE IS ALL MUSIC 1997/07/02 三貴『銀座ジュエリーマキ エステートツインジュエリー』CFイメージソング
4%
No matching quizzes found
Score Distribution
Percent of People with Each Score
Percentile by Number Answered
Your Score History
You have not taken this quiz